000 00691nam a2200253Ia 4500
003 OSt
005 20221005091217.0
006 a|||||r|||| 00| 0
007 ta
008 221004b |||||||| |||| 00| 0 eng d
020 _a0195100956 (hbk)
024 _a122417
037 _bGift, 27/10/2012,
_cTextual
040 _aCRL
_cCRL
_beng
041 _2eng
_aeng
082 _aC81, N6
100 _aPrice Huw
_9615918
245 0 _aTime's arrow and archimedes' point
260 _aNew York
_bOxford University Press USA
_c1996
300 _axiii,306p.
_ccm.
650 _aPHYSICS
942 _hC81, N6
_cTEXL
_2cc
999 _c996950
_d996950